MDQL
is popping MORE tags! Check the
thread
!
Quizzes
Events
Quiz Creation
Community
Videos
Private Events
Remove Ads
Sign In
Join for FREE
Feedback
Dark Mode
Quiz Categories
Sports
Geography
Music
Movies
Television
Just For Fun
Miscellaneous
History
Literature
Language
Science
Gaming
Entertainment
Religion
Holiday
For Kids
Quiz Lab
Recent
Popular Today
Quiz Kudos Today
Editor Picks
Curator Picks
Quizzes by...
Day
Popularity
Type
Ratings
Length
Year
Community
Subscriptions
Recent Discussions
Orange Saloon
Badges
Playlists
Quests
Create
Leaderboards
Showdown
Live 5
Trivia Bingo
Activity
Puzzle Library
Sporcle Events
Private Events
Virtual Trivia
Globe League
Become a Host
Pub Owners
SporcleCon
Opinionation
Our Games
Videos
Blog
Mobile Apps
Partnerships
Remove Ads and Go Orange
Feedback
Sports
Athletes
MLB
NBA
NHL
NFL
Soccer
Sports Teams
WWE
NCAA
Football
Premier League
Basketball
Baseball
Hockey
Golf
Tennis
Cricket
Rugby
Auto Racing
Olympics
World Cup
Sports
Athletes
MLB
NBA
NHL
NFL
Soccer
Sports Teams
WWE
NCAA
Football
Premier League
Basketball
Baseball
Hockey
Golf
Tennis
Cricket
Rugby
Auto Racing
Olympics
World Cup
Random Quiz
Search Sporcle
×
Quiz Lab
Quiz Lab
Sports
Rugby
Type in answers that appear in a list
Type in answers that appear in a list
Classic
Best Score? Go Orange.
SUPER RUGBY SEMI FINALISTS/PLAYOFF TEAMS Stats
Can you name the SUPER RUGBY SEMI FINALISTS/PLAYOFF TEAMS
By
stmookeyj
2m
78 Questions
230 Plays
230 Plays
230 Plays
Comments
Comments
Give Quiz Kudos
Give Quiz Kudos
-
- Ratings
hide this ad
More Info
Replay
Link that replays current quiz
Next Quiz
Link to next quiz in quiz playlist
You Got
0%
They Got
Avg Score
95%
Avg Friend Score
Upgrade to see
Score Distribution
Jump to the score distribution portion of the page
Score
0/78
Timer
02:00
0
Plays Today
YEAR
TEAM
% Correct
1996
Blues
98.7%
1997
Blues
98.7%
1998
Blues
98.7%
2003
Blues
98.7%
2007
Blues
98.7%
2011
Blues
98.7%
1998
Crusaders
97.8%
1999
Crusaders
97.8%
2000
Crusaders
97.8%
2002
Crusaders
97.8%
2003
Crusaders
97.8%
2004
Crusaders
97.8%
2005
Crusaders
97.8%
2006
Crusaders
97.8%
2007
Crusaders
97.8%
2008
Crusaders
97.8%
2009
Crusaders
97.8%
2010
Crusaders
97.8%
2011
Crusaders
97.8%
2012
Crusaders
97.8%
2013
Crusaders
97.8%
1996
Reds
97%
1999
Reds
97%
2001
Reds
97%
2011
Reds
97%
2012
Reds
97%
2013
Reds
97%
1997
Brumbies
96.1%
2000
Brumbies
96.1%
2001
Brumbies
96.1%
2002
Brumbies
96.1%
2003
Brumbies
96.1%
2004
Brumbies
96.1%
2004
Chiefs
96.1%
2009
Chiefs
96.1%
2012
Chiefs
96.1%
2013
Chiefs
96.1%
2013
Brumbies
96.1%
1996
Natal (Sharks)
95.7%
YEAR
TEAM
% Correct
1997
Natal (Sharks)
95.7%
1998
Sharks
95.7%
2001
Sharks
95.7%
2007
Sharks
95.7%
2008
Sharks
95.7%
2011
Sharks
95.7%
2012
Sharks
95.7%
1997
Hurricanes
95.2%
2003
Hurricanes
95.2%
2005
Hurricanes
95.2%
2006
Hurricanes
95.2%
2008
Hurricanes
95.2%
2009
Hurricanes
95.2%
2002
Waratahs
94.3%
2005
Waratahs
94.3%
2006
Waratahs
94.3%
2008
Waratahs
94.3%
2010
Waratahs
94.3%
2011
Waratahs
94.3%
1998
Highlanders
93.5%
1999
Highlanders
93.5%
2000
Highlanders
93.5%
2002
Highlanders
93.5%
1996
Northern Transvaal (Bulls)
93%
2005
Bulls
93%
2006
Bulls
93%
2007
Bulls
93%
2009
Bulls
93%
2010
Bulls
93%
2012
Bulls
93%
2013
Bulls
93%
2000
Cats (Lions)
89.6%
2001
Cats (Lions)
89.6%
1999
Stormers
87.4%
2004
Stormers
87.4%
2010
Stormers
87.4%
2011
Stormers
87.4%
2012
Stormers
87.4%
2013
Cheetahs
80%
Quiz Playlist
Details
Report
Send in Message
Add To Playlist
More Info:
Semi Finalists and playoff teams from each Super Rugby (Super 12, Super 14 and Super Rugby) season since 1996.
Classic:
Type in answers that appear in a list
Quiz Source
Last Updated: Feb 16, 2017
Quiz Scoreboard
CHALLENGE
Sign Up to Join the Scoreboard
Show All
Scores
Hide
Comments
May contain spoilers
Recently Published
Holiday 10x10 Sorting Gallery
by lukepisani3
Holiday
15m
Two Season TV Shows II
by 123Four
Television
10m
Image Sorting: Flags VI
by Barbecue
Geography
2m
More to Explore
Quiz From the Vault
Featured Blog Post
14 Easter Pick-up Lines to Find Eggs With
hide this ad
You Might Also Like...
Tags
Rugby Quiz
finalist
Playoff
Playoff Teams
semi
Super Rugby
team
Today's Top Quizzes in Sports
Browse Sports
hide this ad
Today's Top Quizzes in Rugby
Browse Rugby
Top Contributed Quizzes in Sports
1
Les meilleurs buteurs des matchs entre le PSG et l’OM
2
Les entraîneurs de l'OM et du PSG au 21e siècle
3
2022 World Cup Stars
4
Les joueurs passés par le PSG et l'OM
5
Players with Multiple 50 Home Run Seasons
6
FIFA Club World Cup Champions
7
Top 10 NHL Goal Scorers of All Time
8
Les joueurs passés par le LOSC et le RC Lens
9
Criteria MLB: Left Handed Sluggers
10
2023 MLB Unique Player Accomplishments
Explore More
Trending Topics
Crossword
Marvel
Harry Potter
Disney
Anime
Kpop
NBA
WWE
Pokémon
NFL
Soccer
Puzzle
Song
The Office
Country
hide this ad
More By:
stmookeyj
Quiz
Plays
Rating
Category
Featured
Created
CRICKET: ASHES PLAYERS (2000-2009)
8,132
4.68
Sports
Nov 22, 2010
Australian Test Cricketers (2000's)
5,298
4.25
Sports
Dec 1, 2009
FIRST TEST XI's IN AUSTRALIA (CRICKET) 2000/01-2012/13
3,416
5.00
Sports
Oct 30, 2013
NEW ZEALAND TEST CRICKETERS (2000's)
2,948
4.38
Sports
Jan 27, 2010
1992 CRICKET WORLD CUP SQUADS
2,505
4.37
Sports
Feb 14, 2010
Go to Creator's Profile
Score Distribution
Quiz Creator Spotlight
stmookeyj
Follow
Send a Message
Quizzes Created
-
Created Quiz Play Count
-
More By This Creator
Popular Quizzes Today
1
Find the US States - No Outlines Minefield
2
Colored Red Africa Blitz
3
Find the 'City' Movie
4
The Countries of the World
5
5x2 Blitz: Bands
6
Find the Countries of Europe - No Outlines Minefield
7
Find the US States
8
US States
More Sports Quizzes
MLB Players -1990's
Curator's Pick
Trending Quizzes
Colored Red Europe Blitz I
Colored Red Europe Blitz II
Colored Red Africa Blitz II
Even More Two Season TV Shows
Colored Red Africa Blitz III
Recently Updated
Odd Team Out - Big 4 Players
pecheneg
Quick Pick: 20 Twenties
pecheneg
March Madness Men's Triple Doubles
pecheneg
How Do You Spell That?
pecheneg
Godzilla Movies
pecheneg
Grab Bag: 4-10 Letters
pecheneg
2024 March Madness Bracket
pecheneg
Famous TV Couples
Peacemaker
Champions League XIs: Real Madrid
pecheneg
Largest US Cities 1790-2010
pecheneg
Trending Topics
Harry Potter
NBA
Kpop
Anime
Disney
Crossword
Marvel
WWE
Puzzle
Soccer
Country
Pokémon
Song
The Office
NFL
Your Account Isn't Verified!
In order to create a playlist on Sporcle, you need to verify the email address you used during registration. Go to your
Sporcle Settings
to finish the process.
Report this User
Report this user for behavior that violates our
Community Guidelines
.
Details:
Send Report
Go to the Sporcle.com Mobile Site →
Comments